Statistiques concernant Montréal - Culture générale

Cliquez ici pour prendre le quiz!

Statistiques générales

  • Ce quiz a été pris 3 707 fois
    (3 362 depuis la dernière actualisation)
  • Le résultat moyen est 12 sur 24

Statistiques - réponses

InformationRéponse% Correct
Province dont Montréal est la plus grande villeQuébec
97%
Plat québécois à base de frites, de sauce et de fromagePoutine
90%
Cirque mondialement connu basé à MontréalCirque du {Soleil}
87%
Fleuve qui traverse la villeSaint-Laurent
82%
Chanteuse montréalaise ayant chanté pour le film TitanicCéline Dion
81%
Événement international tenu ici en 1976Jeux Olympiques
67%
Colline qui domine Montréal, et dont le nom découleMont Royal
63%
A la fin de son discours il déclare: "Vive le Québec libre!" en 1967Charles de Gaulle
60%
Ancien premier ministre canadien qui a donné son nom à l'aéroportPierre Eliott Trudeau
59%
Explorateur qui "découvrit" la zone sur laquelle s'étend la villeJacques Cartier
53%
Plus grande ville de l'agglomération, elle partage son nom avec le chef-lieu de la MayenneLaval
52%
Équipe la plus titrée de la Ligue nationale de hockeyCanadiens de Montréal
50%
Musique à l'honneur dans un grand festival en juilletFestival de {Jazz}
42%
Vaste complexe dédié à la musique, aux spectacles et bien encorePlace des {Arts}
38%
Grande patinoire dans laquelle cette équipe évolue actuellementCentre Bell
36%
Parolier célèbre notamment connu pour son "Hallelujah"Leonard Cohen
33%
Ancien nom de la ville, aujourd'hui le centre historiqueVille {Marie}
28%
Mairesse de la ville, son nom est peut-être plus vert que son programmeValérie {Plante}
27%
Ancienne franchise de baseball de MontréalExpos de Montréal
26%
Chanson de Robert Charlebois (1976)Je {reviendrai} à Montréal
20%
Joueur de l'équipe mentionnée plus haut, son chandail #10 a été retiréGuy Lafleur
18%
Village iroquois qui se trouvait sur le site de la villeHochelaga
16%
Où se trouve le système RESO, considéré comme le plus grand du mondeSous terre
16%
Cet organe de l'ONU abregé "OACI" siège iciOrganisation de l'{aviation} {civile} internationale
15%

Distribution des résultats

Percentile par nombre de réponses

% des personnes avec chaque résultat

Votre développement - résultats

Vous n’avez pas pris ce quiz depuis la dernière actualisation